=LDR 00000nam 2200000 4500 =001 INLIS000000000023753 =005 20250527104302 =035 ##$$a 0010-061300000023753 =008 250527###########################0#ind## =041 ##$$a Ind =082 ##$$a 350 =090 ##$$a 350, Wid e =100 ##$$a Widjaja A.W =245 1#$$a Etika administrasi negara /$c A.W.Widjaja =260 ##$$a Jakarta :$b Bumi Aksara,$c 2004 =300 ##$$a xi,105 hlm. ; $c 21 cm =650 #4$$a Administrasi negara =850 ##$$a NBPNMAT =084 ##$$a 350 WID e =020 ##$$a 979-526-167-3 =250 ##$$a Cet. 3 =990 ##$$a 40601138 =990 ##$$a 40601139 =990 ##$$a 40601139 =990 ##$$a 40601138